| 000 | 00392nam a2200145Ia 4500 | ||
|---|---|---|---|
| 008 | 230917s9999||||xx |||||||||||||| ||und|| | ||
| 040 |
_e8396 _aMAIN |
||
| 041 | _aEnglish | ||
| 082 | _a327.101 P455B | ||
| 100 | _aPettman, Ralph | ||
| 245 | 0 | _aBiopolitics and international values: Investigating libral norms | |
| 260 |
_aNew York _bPergamon _c1981 |
||
| 300 | _aviii, 182 p. | ||
| 942 | _cBK | ||
| 999 |
_c224680 _d224680 |
||